| 000 | 00613nam a2200253Ia 4500 | ||
|---|---|---|---|
| 001 | 16420 | ||
| 003 | GE_BSU | ||
| 008 | 181216s||||||||xx |||||||||||||| ||und|| | ||
| 020 | _a9783941323025 | ||
| 040 | _cGE_BSU | ||
| 080 | _a811.112 | ||
| 100 | _aVolgnandt, Gabriele,Dieter Volgnandt | ||
| 245 | _aExportwege | ||
| 245 | _bWirtschaftsdeutsch: neu Kursbuch :2 A2 -B1 | ||
| 260 | _aGermany | ||
| 260 | _bSCHUBERT-VERLAG | ||
| 260 | _c2010 | ||
| 300 | _a254p;ill;30cm | ||
| 300 | _e+2CD. | ||
| 541 | _h84gel. | ||
| 653 | _aExportwege | ||
| 653 | _aგერმანული ენა | ||
| 942 | _cBK | ||
| 999 |
_c49495 _d49495 |
||